Legislative Changes in the Business Environment

Komparácia zákonných sadzieb dane z príjmu právnických osôb v krajinách SVE (členské štáty EÚ). Nižšie daňové sadzby pre vybrané podniky.

Guardado en:
Detalles Bibliográficos
Autor principal: Grešš, Martin, 1978-
Formato: Capítulo de libro
Lenguaje:inglés
Materias:
Etiquetas: Agregar Etiqueta
Sin Etiquetas, Sea el primero en etiquetar este registro!

MARC

LEADER 00000naa a2200000 4500
001 0260465
005 20240502083744.1
041 0 |a eng 
044 |a HU 
245 1 0 |a Legislative Changes in the Business Environment  |c Martin Grešš 
520 |a Komparácia zákonných sadzieb dane z príjmu právnických osôb v krajinách SVE (členské štáty EÚ). Nižšie daňové sadzby pre vybrané podniky. 
610 2 0 |a legislatíva 
610 2 0 |a prostredie podnikateľské 
610 2 0 |a Slovensko 
610 2 0 |a sadzby daňové 
610 2 0 |a analýza komparatívna 
610 2 0 |a SVE 
100 1 |a Grešš, Martin, 1978-